| 000 | 00845nam a2200217 a 4500 | ||
|---|---|---|---|
| 001 | 000037982 | ||
| 005 | 20201002031139.0 | ||
| 008 | 130311s1999 dr ac r 000 0 spa d | ||
| 040 |
_aDO-SdBNP _bspa _cBNPHU |
||
| 082 |
_axxxx _bxxxx |
||
| 100 | 1 |
_aJiménez, José Francisco _911343 |
|
| 245 | 1 | 0 |
_aOficio de la voz y la actuación / _cJosé Francisco Jiménes; prólogo Juan Luis Bello. |
| 260 |
_aSanto Domingo : _bUniversidad Autónoma de Santo Domingo, _c1999. |
||
| 300 |
_a192 p. : _bil., retrs. ; _c21 cm. |
||
| 490 | 1 |
_aUniversidad Autónoma de Santo Domingo _v947 |
|
| 490 | 1 |
_aLiteratura y Sociedad _v33 |
|
| 500 | _aIncluye datos biográficos del autor en la contracubierta | ||
| 700 | 1 |
_aBello, Juan Luis, _epról. _964390 |
|
| 830 | 0 |
_aUniversidad Autónoma de Santo Domingo _v947 _917164 |
|
| 830 | 0 |
_aLiteratura y Sociedad _n33 _964391 |
|
| 999 |
_c37472 _d37472 |
||